Завет Холкрофта: роман; пер. с англ.; в 2 ч.; Ч. 2

Бібліографічні деталі
Автор: Ладлэм Р. Роберт
Резюме:Исключено из фонда НТБ ТПУ
Мова:Російська
Опубліковано: Вильнюс, Полина, 1993
Серія:Зарубежный детектив
Формат: MixedMaterials Книга
KOHA link:https://koha.lib.tpu.ru/cgi-bin/koha/opac-detail.pl?biblionumber=161570

MARC

LEADER 00000nam0a2200000 4500
001 161570
005 20231031155931.0
010 |a 5899422335 
020 |a RU  |b 93-680С 
035 |a (RuTPU)RU\TPU\book\175213 
090 |a 161570 
100 |a 20090610g1993 m y0rusy5003 ca 
101 1 |a rus  |c eng 
102 |a LT 
105 |a y z 000ay 
200 1 |a Завет Холкрофта  |e роман   |e пер. с англ.  |e в 2 ч.  |h Ч. 2  |f Р. Ладлэм 
210 |a Вильнюс  |c Полина  |d 1993 
215 |d 17 см  |a 272 с. 
225 1 |a Зарубежный детектив 
333 |a Исключено из фонда НТБ ТПУ 
700 1 |a Ладлэм  |b Р.  |g Роберт  |4 070 
801 0 |a RU  |b RuMRKP  |c 19950413  |g psbo 
801 1 |a RU  |b 63413507  |c 20090610  |g PSBO 
801 2 |a RU  |b 63413507  |c 20170906  |g PSBO 
942 |c BK